000
00212nam a22000857a 4500
999
_c
11484
_d
11484
008
190527b ||||| |||| 00| 0 eng d
020
_a
9789384603564
100
_9
7202
_a
TRIPATHI P ET AL
245
_a
LEARD TO PLAY JUDO